Discrete - Time Signal Processing: International Edition
-д хадгалсан:
| Үндсэн зохиолч: | |
|---|---|
| Бусад зохиолчид: | |
| Формат: | Үл мэдэгдэх |
| Хэл сонгох: | англи |
| Хэвлэсэн: |
Upper Saddle River
Pearson
2010
|
| Хэвлэл: | Third Edition |
| Нөхцлүүд: | |
| Шошгууд: |
Шошго нэмэх
Шошго байхгүй, Энэхүү баримтыг шошголох эхний хүн болох!
|
MARC
| LEADER | 00000 a2200000 4500 | ||
|---|---|---|---|
| 003 | CL-VaPUC | ||
| 005 | 20231123145238.0 | ||
| 008 | 200123b ||||| |||| 00| 0 eng d | ||
| 999 | |c 375849 |d 375847 | ||
| 020 | |a 9780132067096 | ||
| 040 | |c Pontificia Universidad Católica de Valparaíso | ||
| 082 | |a 621.382 OPP 2010 | ||
| 100 | |a Oppenheim, Alan V. |e author |9 363595 | ||
| 245 | |a Discrete - Time Signal Processing: International Edition | ||
| 250 | |a Third Edition | ||
| 260 | |c 2010 |b Pearson |a Upper Saddle River | ||
| 300 | |a 1132 p. | ||
| 583 | |k Sandra Vasquez |c 20200123 | ||
| 650 | 0 | 0 | |a Procesamiento de señales |9 260702 |
| 650 | 0 | 0 | |a Comunicación |9 257251 |
| 650 | 0 | 0 | |a Análisis de señal |9 434181 |
| 650 | 0 | 0 | |a Modelos matemáticos |9 259437 |
| 700 | |a Schafer, Ronald W. |9 611795 | ||
| 942 | |2 ddc |c BK | ||
| 952 | |0 0 |1 0 |2 ddc |4 0 |6 621_382000000000000_OPP_2010 |7 0 |9 497535 |a BIBING |b BIBING |c GEN |d 2020-01-20 |e 59 |g 68167.00 |i 5572894 |l 1 |o 621.382 OPP 2010 |p 5572894 |r 2025-01-20 |s 2023-10-04 |t 1 |v 68167.00 |w 2020-01-20 |y BK |k EIE | ||